Statistics for Neco-Arc Appearances

Click here to take the quiz!

General Stats

  • This quiz has been taken 75 times
  • The average score is 4 of 7

Answer Stats

Answer% Correct
Melty Blood Type Lumina
87%
Carnival Phantasm
82%
Tsukihime (2000)
78%
Tsukihime (2021)
78%
Melty Blood Actress Again
71%
Fate/tiger colosseum UPPER
45%
Melty Blood Back Alley Alliance Nightmare
7%

Score Distribution

Percentile by Number Answered

Percent of People with Each Score

Your Score History

You have not taken this quiz